000 00808nam a22002057a 4500
999 _c58273
_d58273
005 20211019130659.0
008 211019s2007 enk||||| |||| 00| 0 eng d
020 _a9788779897540
041 _aeng
080 _a299.93+331.101+159.944 H-88
100 _aHubbard, L Ron
_912506
245 _aThe Problems of Work:
_bScientology Applied to the Workaday World /
_cL Ron Hubbard.
264 _aLos Angeles :
_bNew Era,
_c2007.
300 _a197 p.
_b24 cm.
440 _aA scientology Publication
_912670
653 _aThe Problems of Work: Scientology Applied to the Workaday World
653 _aმუშაობის პრობლემები
653 _a მეცნიერების გამოიყენება სამუშაო სამყაროში
942 _2udc
_cBK